| Tag |
First Indicator |
Second Indicator |
Subfields |
| LEADER |
00000cam a2200000 4500 |
| 001 |
in00003845744 |
| 005 |
20190415182758.0 |
| 006 |
m o d |
| 007 |
cr |n||||||||n |
| 008 |
850319s1793 enk|||| o 00||||eng c |
| 035 |
|
|
|a (CU-RivES)N16308
|
| 035 |
|
|
|a (Uk-ES)006006968
|
| 035 |
|
|
|a (OCoLC)507984388
|
| 040 |
|
|
|a CU-RivES
|c CU-RivES
|d CU-RivES
|d CStRLIN
|d CU-RivES
|d Cengage Gale
|d UtOrBLW
|
| 050 |
|
4 |
|a AC4
|b .S665 1793
|
| 100 |
1 |
|
|a Smollett, T.
|q (Tobias),
|d 1721-1771.
|
| 240 |
1 |
0 |
|a Sir Launcelot Greaves
|
| 245 |
1 |
4 |
|a The adventures of Sir Launcelot Greaves :
|b By Dr. Smollett, two volumes in one. Cooke's edition. Embellished with superb engravings.
|
| 264 |
|
1 |
|a London :
|b Printed for C. Cooke, No. 17, Paternoster-Row, and sold by all the booksellers in Great-Britain,
|c [1793]
|
| 300 |
|
|
|a 1 online resource (252 pages,plates)
|
| 336 |
|
|
|a text
|b txt
|2 rdacontent
|
| 337 |
|
|
|a computer
|b c
|2 rdamedia
|
| 338 |
|
|
|a online resource
|b cr
|2 rdacarrier
|
| 500 |
|
|
|a Publication date from NUC.
|
| 510 |
4 |
|
|a English Short Title Catalog,
|c N16308.
|
| 500 |
|
|
|a Reproduction of original from Cambridge University Library.
|
| 500 |
|
|
|a Electronic resource.
|
| 650 |
|
0 |
|a English fiction.
|0 http://id.loc.gov/authorities/subjects/sh85043362
|
| 655 |
|
7 |
|a Electronic books.
|2 local
|
| 710 |
2 |
|
|a Gale (Firm)
|0 http://id.loc.gov/authorities/names/no2008071348
|
| 752 |
|
|
|a Great Britain
|b England
|d London.
|
| 856 |
4 |
0 |
|u http://proxy.library.tamu.edu/login?url=http://find.galegroup.com/ecco/infomark.do?contentSet=ECCOArticles&docType=ECCOArticles&bookId=1525100300&type=getFullCitation&tabID=T001&prodId=ECCO&docLevel=TEXT_GRAPHICS&version=1.0&source=library&userGroupName=txshracd2898
|z Connect to the full text of this electronic book
|t 0
|
| 999 |
f |
f |
|s d1973313-5505-3df3-b99b-9c17b23dcd60
|i 823e06ff-2133-3373-ad4d-11857a89bd09
|t 0
|
| 952 |
f |
f |
|a Texas A&M University
|b College Station
|c Electronic Resources
|d Available Online
|t 0
|e AC4 .S665 1793
|h Library of Congress classification
|
| 998 |
f |
f |
|a AC4 .S665 1793
|t 0
|l Available Online
|